Special report: professional services (Record no. 74514)

MARC details
000 -LEADER
fixed length control field 01526cab a2200301 4500
001 - CONTROL NUMBER
control field ABS68152
008 - FIXED-LENGTH DATA ELEMENTS--GENERAL INFORMATION
fixed length control field 040827n2004 000 0 eng u
035 ## - SYSTEM CONTROL NUMBER
System control number (Sirsi) u127190
100 ## - MAIN ENTRY--PERSONAL NAME
Personal name Jansen, M.
245 ## - TITLE STATEMENT
Title Special report: professional services
260 ## - PUBLICATION, DISTRIBUTION, ETC.
Date of publication, distribution, etc. 2004
490 ## - SERIES STATEMENT
Series statement Property Week
Volume/sequential designation 69(33/34) 13 August 2004, 57-62(5)
520 ## - SUMMARY, ETC.
Summary, etc. "Ready willing able" reports on the looming deadline of the Disability Discrimination Act 1995 which comes into force on 1 October 2004 and the confusion of landlords and occupiers who want to comply but are unsure of how to proceed. "The city clique" considers the strong influence that rent review surveyors have on the value of commercial property in the City and Docklands but questions if they are getting their sums right. "Blueprints turn green" examines the growing influence of environmental issues on property and on planning in particular. Reports how local authorities will soon have to put structure plans to strict environmental assessments that will have a knock-on effect for developers.
590 ## - LOCAL NOTE (RLIN)
Local note ABS
650 ## - SUBJECT ADDED ENTRY--TOPICAL TERM
Topical term or geographic name entry element DISABILITY DISCRIMINATION ACT 1995
650 ## - SUBJECT ADDED ENTRY--TOPICAL TERM
Topical term or geographic name entry element LANDLORDS
650 ## - SUBJECT ADDED ENTRY--TOPICAL TERM
Topical term or geographic name entry element OCCUPIERS
650 ## - SUBJECT ADDED ENTRY--TOPICAL TERM
Topical term or geographic name entry element PROPERTY-COMMERCIAL PROPERTY
650 ## - SUBJECT ADDED ENTRY--TOPICAL TERM
Topical term or geographic name entry element CITY OF LONDON
650 ## - SUBJECT ADDED ENTRY--TOPICAL TERM
Topical term or geographic name entry element DOCKLANDS
650 ## - SUBJECT ADDED ENTRY--TOPICAL TERM
Topical term or geographic name entry element RENT REVIEWS
650 ## - SUBJECT ADDED ENTRY--TOPICAL TERM
Topical term or geographic name entry element LOCAL AUTHORITIES
650 ## - SUBJECT ADDED ENTRY--TOPICAL TERM
Topical term or geographic name entry element ENVIRONMENTAL ASSESSMENTS
650 ## - SUBJECT ADDED ENTRY--TOPICAL TERM
Topical term or geographic name entry element STRUCTURE PLANS
690 ## - LOCAL SUBJECT ADDED ENTRY--TOPICAL TERM (OCLC, RLIN)
Topical term or geographic name as entry element MANAGEMENT-BUSINESS MANAGEMENT-PROFESSIONAL PRACTICE
700 ## - ADDED ENTRY--PERSONAL NAME
Personal name Marney, H.
942 ## - ADDED ENTRY ELEMENTS (KOHA)
Suppress in OPAC 0
Holdings
Withdrawn status Lost status Source of classification or shelving scheme Damaged status Not for loan Home library Current library Shelving location Date acquired Total Checkouts Full call number Barcode Date last seen Copy number Price effective from Koha item type
    Dewey Decimal Classification     London London Journal article 27/08/2004   ABS68152 127190-1001 06/08/2019 1 06/08/2019 Journal article